Placements de la Croatie aux Championnats d'Europe - Statistiques

Statistiques générales
  • Ce quiz a été pris 8 fois
  • Le résultat moyen est 5 sur 7
Statistiques - réponses
Hint Réponse % Correct
2016 Huitièmes de finale
100%
2020 Huitièmes de finale
88%
2024 Phase de groupes
75%
2004 Phase de groupes
50%
2012 Phase de groupes
50%
2008 Quarts de finale
50%
1996 Quarts de finale
38%
Aucun quiz correspondant
Distribution des résultats
% des personnes avec chaque résultat
Percentile par nombre de réponses
Votre historique - résultats
Vous n’avez pas pris ce quiz